[Event "CRO-CupT final"]
[Site "Sibenik"]
[Date "2015.05.24"]
[Round "6.113"]
[White "Vlaic, Branko"]
[Black "Gorupec, Mladen"]
[Result "1/2-1/2"]
[WhiteElo "2223"]
[BlackElo "2103"]
[PlyCount "61"]
[EventDate "2015.05.20"]
[EventType "team-swiss"]
[EventRounds "6"]
[EventCountry "CRO"]
[SourceTitle "CBM 166 Extra"]
[Source "ChessBase"]
[SourceDate "2015.06.18"]
[SourceVersion "1"]
[SourceVersionDate "2015.06.18"]
[SourceQuality "1"]
[WhiteTeam "Sibenik"]
[BlackTeam "Samobor"]
[WhiteTeamCountry "CRO"]
[BlackTeamCountry "CRO"]

1. Nf3 c5 2. c4 g6 3. d4 cxd4 4. Nxd4 Bg7 5. e4 d6 6. Nc3 Nf6 7. Be2 Nc6 8. Be3 Bd7 9. 0-0 0-0 10. f3 a6 11. Qd2 Re8 12. Rab1 Qa5 13. a3 Ne5 14. b4 Qc7 15. Nd5 Nxd5 16. cxd5 Rac8 17. Rfc1 Qb8 18. h3 b5 19. a4 Nc4 20. Bxc4 Rxc4 21. axb5 Rxc1+ 22. Rxc1 Bxd4 23. Bxd4 axb5 24. h4 f6 25. Ra1 Rc8 26. Ra7 Rc7 27. Rxc7 Qxc7 28. Qc3 Qxc3 29. Bxc3 Kf7 30. Kf2 Be8 31. Ke3 1/2-1/2

[Event "CRO-CupT final"]
[Site "Sibenik"]
[Date "2015.05.20"]
[Round "1.11"]
[White "Vukelic, Tomislav"]
[Black "Gorupec, Mladen"]
[Result "1/2-1/2"]
[WhiteElo "2211"]
[BlackElo "2103"]
[PlyCount "42"]
[EventDate "2015.05.20"]
[EventType "team-swiss"]
[EventRounds "6"]
[EventCountry "CRO"]
[SourceTitle "CBM 166 Extra"]
[Source "ChessBase"]
[SourceDate "2015.06.18"]
[SourceVersion "1"]
[SourceVersionDate "2015.06.18"]
[SourceQuality "1"]
[WhiteTeam "Slavonski Brod"]
[BlackTeam "Samobor"]
[WhiteTeamCountry "CRO"]
[BlackTeamCountry "CRO"]

1. e4 c5 2. Nf3 d6 3. c3 g6 4. h3 Bg7 5. Bc4 Nc6 6. 0-0 Nf6 7. Qe2 0-0 8. d3 a6 9. Bb3 Qc7 10. Bg5 h6 11. Be3 Na5 12. Bc2 b5 13. Nbd2 Bb7 14. Rac1 Rac8 15. Bf4 e5 16. Bh2 Nd7 17. Rfe1 Nc6 18. Bb3 Na5 19. Bc2 Nc6 20. Bb3 Na5 21. Bc2 Nc6 1/2-1/2

[Event "CRO-chT2 Center 23rd"]
[Site "Grubisno Polje"]
[Date "2014.04.06"]
[Round "6.6"]
[White "Markovic, Vjeran"]
[Black "Gorupec, Mladen"]
[Result "1/2-1/2"]
[WhiteElo "2167"]
[BlackElo "2058"]
[PlyCount "70"]
[EventDate "2014.03.02"]
[EventType "team-match"]
[EventRounds "11"]
[EventCountry "CRO"]
[SourceTitle "EXT 2016"]
[Source "ChessBase"]
[SourceDate "2015.10.08"]
[SourceVersion "1"]
[SourceVersionDate "2015.10.08"]
[SourceQuality "1"]

1. d4 d5 2. Nf3 Nf6 3. c4 e6 4. g3 Be7 5. Bg2 c6 6. 0-0 0-0 7. Qc2 Nbd7 8. Nbd2 b6 9. e4 dxe4 10. Nxe4 Bb7 11. Rd1 Qc8 12. Ne5 Nxe5 13. dxe5 Nxe4 14. Qxe4 Qc7 15. Be3 Rad8 16. f4 Rxd1+ 17. Rxd1 Rd8 18. Qc2 Rxd1+ 19. Qxd1 c5 20. b3 g6 21. Kf2 h5 22. h3 Kg7 23. Bxb7 Qxb7 24. Qf3 Qxf3+ 25. Kxf3 Kf8 26. g4 hxg4+ 27. hxg4 Ke8 28. f5 gxf5 29. gxf5 Bh4 30. Kg4 Be1 31. Bf4 Ke7 32. f6+ Ke8 33. Kg5 Bc3 34. Kh6 Bd4 35. Kg7 Bc3 1/2-1/2

[Event "CRO-chT2 Center 22nd"]
[Site "Sisak"]
[Date "2013.10.06"]
[Round "7.35"]
[White "Gorupec, Mladen"]
[Black "Havas, Ladislav"]
[Result "1/2-1/2"]
[WhiteElo "2070"]
[BlackElo "2241"]
[PlyCount "71"]
[EventDate "2013.04.14"]
[EventType "team-tourn"]
[EventRounds "11"]
[EventCountry "CRO"]
[SourceTitle "EXT 2016"]
[Source "ChessBase"]
[SourceDate "2015.10.08"]
[SourceVersion "1"]
[SourceVersionDate "2015.10.08"]
[SourceQuality "1"]

1. Nf3 f5 2. d4 Nf6 3. e3 g6 4. Bd3 Bg7 5. b3 0-0 6. Bb2 Nc6 7. a3 d6 8. 0-0 e5 9. dxe5 Ng4 10. Nbd2 Ngxe5 11. Nxe5 Nxe5 12. Qc1 Be6 13. Be2 c6 14. Nf3 Qe7 15. Re1 Bd5 16. Nxe5 dxe5 17. c4 Be6 18. Qc3 Bf6 19. Rad1 g5 20. Qc2 a5 21. c5 Rad8 22. Rxd8 Rxd8 23. Rd1 Rxd1+ 24. Bxd1 e4 25. b4 axb4 26. axb4 Qg7 27. Bxf6 Qxf6 28. h3 Qa1 29. Kh2 Bd5 30. Qa4 Qe5+ 31. Kg1 Kg7 32. Qa8 Qe7 33. Be2 f4 34. Qa1+ Qf6 35. Qa8 Qf7 36. Qb8 1/2-1/2

[Event "CRO-chT2 Center 22nd"]
[Site "Sisak"]
[Date "2013.04.28"]
[Round "5.4"]
[White "Galic, Kruno"]
[Black "Gorupec, Mladen"]
[Result "1/2-1/2"]
[WhiteElo "2097"]
[BlackElo "2070"]
[PlyCount "129"]
[EventDate "2013.04.14"]
[EventType "team-tourn"]
[EventRounds "11"]
[EventCountry "CRO"]
[SourceTitle "EXT 2016"]
[Source "ChessBase"]
[SourceDate "2015.10.08"]
[SourceVersion "1"]
[SourceVersionDate "2015.10.08"]
[SourceQuality "1"]

1. d4 d5 2. c4 e6 3. Nc3 Nf6 4. Bg5 Be7 5. e3 Nbd7 6. Nf3 0-0 7. Be2 b6 8. 0-0 Bb7 9. cxd5 exd5 10. Qb3 c6 11. Rfd1 Re8 12. Rac1 Ne4 13. Bxe7 Qxe7 14. Qa4 a5 15. a3 f5 16. Bf1 g5 17. Qb3 g4 18. Nxe4 fxe4 19. Ne1 Kh8 20. g3 Rf8 21. Ng2 b5 22. Nf4 Rf6 23. Qc3 Qf7 24. Be2 Qg8 25. Kg2 a4 26. Rh1 Rc8 27. b3 axb3 28. Qxb3 Nb6 29. Ra1 Ra8 30. Qb4 Ra4 31. Qe7 Rf7 32. Qe5+ Qg7 33. Qxg7+ Kxg7 34. Ne6+ Kf6 35. Nc5 Ra8 36. Bxg4 Nc4 37. a4 bxa4 38. Rxa4 Rxa4 39. Nxa4 Rc7 40. Rb1 Bc8 41. Be2 Ra7 42. Nc5 Na3 43. Rb2 Ke7 44. h3 Kd6 45. g4 h6 46. Kg3 Rg7 47. Rb8 Rc7 48. h4 Nc2 49. Rb1 Rg7 50. h5 Na3 51. Rc1 Ra7 52. Ra1 Ke7 53. f3 exf3 54. Bxf3 Nb5 55. Rxa7+ Nxa7 56. Kf4 Kf6 57. Be2 Nb5 58. Bd3 Nc3 59. e4 dxe4 60. Nxe4+ Nxe4 61. Bxe4 Bd7 62. Bf5 Be8 63. Bc8 Bf7 64. Bd7 Bd5 65. Bf5 1/2-1/2

[Event "CRO-chT2 Center"]
[Site "Zagreb"]
[Date "2012.10.28"]
[Round "11.16"]
[White "Gorupec, Mladen"]
[Black "Margeta, Zeljko"]
[Result "1-0"]
[WhiteElo "2063"]
[BlackElo "2058"]
[PlyCount "53"]
[EventDate "2012.03.18"]
[EventType "team-swiss"]
[EventRounds "11"]
[EventCountry "CRO"]
[SourceTitle "EXT 2019"]
[Source "ChessBase"]
[SourceDate "2018.10.10"]
[SourceVersion "1"]
[SourceVersionDate "2018.10.10"]
[SourceQuality "1"]

1. e4 c5 2. Nf3 Nc6 3. d4 cxd4 4. Nxd4 d6 5. Nc3 Nf6 6. Bc4 Qc7 7. Bb3 e6 8. 0-0 a6 9. f4 Na5 10. Kh1 Nxb3 11. axb3 Bd7 12. Be3 Be7 13. Qf3 e5 14. fxe5 dxe5 15. Nf5 Bxf5 16. Qxf5 Bb4 17. Bg5 Bxc3 18. bxc3 Ng8 19. Rad1 f6 20. Bc1 Qc8 21. Qh5+ g6 22. Qf3 Qe6 23. Bg5 Ke7 24. Bc1 Kf7 25. Ba3 Ke8 26. Rd6 Qf7 27. Qh3 1-0

[Event "Pula op 26th"]
[Site "Pula"]
[Date "2012.06.12"]
[Round "5"]
[White "Gorupec, Mladen"]
[Black "Kelecevic, Nedeljko"]
[Result "1/2-1/2"]
[WhiteElo "2044"]
[BlackElo "2260"]
[PlyCount "73"]
[EventDate "2012.06.09"]
[EventType "swiss"]
[EventRounds "9"]
[EventCountry "CRO"]
[SourceTitle "CBM 148 Extra"]
[Source "ChessBase"]
[SourceDate "2012.06.22"]
[SourceVersion "1"]
[SourceVersionDate "2012.06.22"]
[SourceQuality "1"]

1. e4 c5 2. Nf3 Nc6 3. d4 cxd4 4. Nxd4 Qc7 5. Nc3 e6 6. Be2 Nf6 7. 0-0 a6 8. Be3 Bb4 9. Nxc6 bxc6 10. Bf3 Be7 11. Re1 d6 12. Qd2 0-0 13. Na4 Nd7 14. c4 Ne5 15. Be2 c5 16. f4 Nc6 17. Rad1 Bb7 18. Kh1 Rfd8 19. Nc3 Bf6 20. f5 Nd4 21. Bg5 Qe7 22. Bf4 h6 23. Bg4 e5 24. Be3 Bg5 25. Bxg5 Qxg5 26. Qxg5 hxg5 27. Re3 Kf8 28. Rh3 Ke7 29. Kg1 Rab8 30. Rd2 Bc6 31. Bd1 Rh8 32. Rxh8 Rxh8 33. h3 Rb8 34. Be2 Rb4 35. Bd3 Rb8 36. Be2 Rb4 37. Bd3 1/2-1/2

[Event "CRO-chT2 Center"]
[Site "Zagreb"]
[Date "2012.04.01"]
[Round "6.15"]
[White "Gorupec, Mladen"]
[Black "Tomasic, Roland"]
[Result "1-0"]
[WhiteElo "2035"]
[BlackElo "2100"]
[PlyCount "71"]
[EventDate "2012.03.18"]
[EventType "team-swiss"]
[EventRounds "11"]
[EventCountry "CRO"]
[SourceTitle "EXT 2014"]
[Source "ChessBase"]
[SourceDate "2013.11.20"]
[SourceVersion "1"]
[SourceVersionDate "2013.11.20"]
[SourceQuality "1"]

1. e4 c5 2. Nf3 d6 3. d4 cxd4 4. Nxd4 Nf6 5. Nc3 Nc6 6. Bc4 e6 7. Bb3 Be7 8. Be3 Bd7 9. Qe2 a6 10. 0-0-0 Qc7 11. g4 Nxd4 12. Rxd4 Bc6 13. f3 Nd7 14. Kb1 Nc5 15. Re1 0-0-0 16. Qf2 Rd7 17. g5 Qd8 18. Qg1 Nxb3 19. axb3 d5 20. exd5 Bxd5 21. Red1 Bc5 22. Rxd5 Bxe3 23. Rxd7 Qxd7 24. Qxe3 Qc7 25. Qd4 Rg8 26. Ne4 h6 27. h4 Kb8 28. Nc5 hxg5 29. hxg5 Ka8 30. b4 Qc6 31. Qe4 Qb5 32. Rd7 Rb8 33. Rxf7 a5 34. Rxg7 axb4 35. Rxb7 Qf1+ 36. Ka2 1-0

[Event "CRO-chT2 Center"]
[Site "Croatia"]
[Date "2011.03.27"]
[Round "4.45"]
[White "Gorupec, Mladen"]
[Black "Greb, Nikola"]
[Result "0-1"]
[WhiteElo "2025"]
[BlackElo "2069"]
[PlyCount "54"]
[EventDate "2011.03.20"]
[EventType "team-tourn"]
[EventRounds "11"]
[EventCountry "CRO"]
[SourceTitle "EXT 2014"]
[Source "ChessBase"]
[SourceDate "2013.11.20"]
[SourceVersion "1"]
[SourceVersionDate "2013.11.20"]
[SourceQuality "1"]

1. e4 c5 2. Nf3 Nc6 3. d4 cxd4 4. Nxd4 Nf6 5. Nc3 e5 6. Nb3 Bb4 7. Bg5 h6 8. Bxf6 Bxc3+ 9. bxc3 Qxf6 10. Be2 0-0 11. Qd3 d6 12. 0-0 Rd8 13. Rfd1 Be6 14. c4 Rac8 15. c3 Ne7 16. c5 d5 17. Qb5 Rd7 18. Bf3 Rcd8 19. exd5 Nxd5 20. Qa5 Qg6 21. Re1 Nf4 22. g3 Nh3+ 23. Kg2 Ng5 24. Bxb7 Qh5 25. h4 Bh3+ 26. Kh2 e4 27. Nd4 Rxd4 0-1

[Event "CRO-chT2 Center"]
[Site "Croatia"]
[Date "2011.03.20"]
[Round "2.55"]
[White "Gorupec, Mladen"]
[Black "Milosevic, Sanjin"]
[Result "0-1"]
[WhiteElo "2025"]
[BlackElo "2116"]
[PlyCount "118"]
[EventDate "2011.03.20"]
[EventType "team-tourn"]
[EventRounds "11"]
[EventCountry "CRO"]
[SourceTitle "EXT 2014"]
[Source "ChessBase"]
[SourceDate "2013.11.20"]
[SourceVersion "1"]
[SourceVersionDate "2013.11.20"]
[SourceQuality "1"]

1. e4 c5 2. Nf3 d6 3. d4 cxd4 4. Nxd4 Nf6 5. Nc3 g6 6. Bc4 Bg7 7. Be3 0-0 8. f3 Nc6 9. Qd2 Bd7 10. h4 Ne5 11. Bb3 h5 12. Bh6 Rc8 13. Bxg7 Kxg7 14. 0-0-0 Qa5 15. Qg5 b5 16. f4 Nc4 17. Bxc4 Rxc4 18. Nb3 Qc7 19. e5 Rxc3 20. bxc3 Ne4 21. exd6 exd6 22. Qd5 Bf5 23. Nd4 Ng3 24. Nxb5 Qa5 25. Rhe1 Be6 26. Qd4+ Kh7 27. Nxd6 Bg4 28. Rd3 Ne2+ 29. Rxe2 Bxe2 30. Re3 Bg4 31. Re7 Qxa2 32. Rxa7 Qe6 33. Ne4 Qf5 34. g3 Bh3 35. Nf6+ Kh6 36. Qd6 Kg7 37. Nd7 Rd8 38. Qe5+ Qxe5 39. Nxe5 Be6 40. Rc7 Rc8 41. Rxc8 Bxc8 42. Kd2 Kf6 43. c4 Be6 44. Kd3 Kf5 45. Kd4 f6 46. Nc6 Kg4 47. Ne7 Bf7 48. c5 Kxg3 49. Ke3 Kxh4 50. c6 g5 51. Nf5+ Kh3 52. Nd6 Bd5 53. c7 Be6 54. f5 Bd7 55. c8Q Bxc8 56. Nxc8 h4 57. Nd6 Kg2 58. c4 h3 59. Ne4 h2 0-1

[Event "CRO-Cup 19th"]
[Site "Sibenik"]
[Date "2010.05.22"]
[Round "5"]
[White "Armanda, Ivica"]
[Black "Gorupec, Mladen"]
[Result "1-0"]
[WhiteElo "2356"]
[BlackElo "2018"]
[PlyCount "47"]
[EventDate "2010.05.19"]
[EventType "team-tourn"]
[EventRounds "6"]
[EventCountry "CRO"]
[SourceTitle "CBM 136 Extra"]
[Source "ChessBase"]
[SourceDate "2010.07.02"]
[SourceVersion "2"]
[SourceVersionDate "2010.07.15"]
[SourceQuality "1"]

1. e4 d6 2. d4 Nf6 3. Nc3 g6 4. Be2 Bg7 5. h4 h5 6. Nf3 Bg4 7. Ng5 Bxe2 8. Qxe2 Nc6 9. e5 Nxd4 10. Qc4 Nxc2+ 11. Kd1 dxe5+ 12. Kxc2 0-0 13. Be3 c6 14. Rad1 Qc8 15. Kc1 Nd5 16. Kb1 e6 17. g4 b5 18. Qe2 Nf6 19. Bc5 Re8 20. Nce4 Nxe4 21. Nxe4 Rd8 22. gxh5 Rd5 23. hxg6 f5 24. Qh5 1-0

[Event "CRO-chT2 Center"]
[Site "Zagreb"]
[Date "2010.04.11"]
[Round "5.56"]
[White "Gorupec, Mladen"]
[Black "Dusak, Robert"]
[Result "1/2-1/2"]
[WhiteElo "2009"]
[BlackElo "1729"]
[PlyCount "47"]
[EventDate "2010.03.21"]
[EventType "team-tourn"]
[EventRounds "11"]
[EventCountry "CRO"]
[SourceTitle "EXT 2012"]
[Source "ChessBase"]
[SourceDate "2011.11.24"]
[SourceVersion "1"]
[SourceVersionDate "2011.11.24"]
[SourceQuality "1"]

1. e4 e6 2. d4 d5 3. Nd2 dxe4 4. Nxe4 Nd7 5. Nf3 Ngf6 6. Ng3 Be7 7. Bd3 b6 8. Qe2 Bb7 9. 0-0 0-0 10. Re1 Re8 11. Ng5 Nf8 12. c3 h6 13. N5e4 N8d7 14. Bd2 c5 15. Rad1 Qc7 16. Nxf6+ Nxf6 17. dxc5 Bxc5 18. Ne4 Nxe4 19. Bxe4 Bxe4 20. Qxe4 Qe7 21. Be3 Red8 22. h3 Bxe3 23. Qxe3 Rxd1 24. Rxd1 1/2-1/2